[Event "Lanaudiere U1400"]
[Site "Repentigny"]
[Date "2008.08.17"]
[Round "4"]
[White "Blais, Vincent"]
[Black "Selmani, Sam"]
[Result "1-0"]
[WhiteElo "1234"]
[BlackElo "1153"]
[PlyCount "55"]
[EventDate "2008.08.15"]
[EventType "swiss"]
[EventRounds "5"]
[EventCountry "CAN"]
[SourceTitle "EXT 2011"]
[Source "ChessBase"]
[SourceDate "2010.11.26"]
[SourceVersion "1"]
[SourceVersionDate "2010.11.26"]
[SourceQuality "1"]

1. e4 c5 2. Nf3 d6 3. Nc3 Nf6 4. Bc4 e6 5. d3 Be7 6. 0-0 0-0 7. Bf4 a6 8. a4 d5 9. exd5 exd5 10. Bb3 h6 11. h3 Be6 12. Qe2 Qc8 13. Rfd1 c4 14. dxc4 dxc4 15. Ba2 Re8 16. Nd4 Bb4 17. Nxe6 Bxc3 18. bxc3 b5 19. Qf3 Qc6 20. Qxc6 Nxc6 21. Nc7 Ne4 22. Nxe8 Rxe8 23. Re1 Re6 24. f3 Nxc3 25. Rxe6 fxe6 26. Kh1 Nxa4 27. Bxc4 Kf7 28. Rxa4 1-0